000 00627cam a22002294a 4500
005 20250605164247.0
008 250528s ||||||||||||||||||||||||d
035 _a21572
020 _a9780201616354
040 _aGR-AtMCL
_bgre
_dGR-AtMCL
_eAACR2
245 1 _aDATA WAREHOUSE PROJECT MANAGEMENT
250 _a1
260 _bΕκδόσεις Μ. Κωνσταντινιδη,
_c2000
300 _a404
505 0 _aPROJECT MANAGEMENT DATA
520 _aPROJECT MANAGEMENT DATA
700 1 _aAdelman Sid
_97536
700 1 _aTerperluk Moss Larissa
_97537
942 _cBK
999 _c6633
_d6633